000 006510000a22001810004500
090 _aAR
_b01328
245 1 0 _aReview of the large fruit-eating bats of the Artibeus "Lituratus" complex (<Chiroptera: Phyllostomidae>) in middle America
650 1 4 _aMurciélagos
_92659
650 1 4 _aFrugivoros
_993040
650 1 4 _aSistemática animal
_992968
650 1 4 _aTaxonomía animal
_98245
651 4 _pAmérica Central
_992749
653 _fPhyllostomidae
_gArtibeus
_eArtibeus lituratus
041 0 _aInglés
100 1 _aDavis, William B.
_994541
942 _cARTICULO
773 1 _tOccasional Papers: Museum of Texas Tech University
_3430
_h93
_q1-16
_d1984
999 _c10413
_d10413